<?xml version="1.0" encoding="UTF-8"?>
<record
    xmlns:xsi="http://www.w3.org/2001/XMLSchema-instance"
    xsi:schemaLocation="http://www.loc.gov/MARC21/slim http://www.loc.gov/standards/marcxml/schema/MARC21slim.xsd"
    xmlns="http://www.loc.gov/MARC21/slim">

  <leader>01961nas a2200481 i 4500</leader>
  <controlfield tag="001">196603</controlfield>
  <controlfield tag="003">ES-MaACL</controlfield>
  <controlfield tag="005">20260603103119.0</controlfield>
  <controlfield tag="008">241008c19879999sp mr p r ||| 0   b|spa c</controlfield>
  <datafield tag="022" ind1=" " ind2=" ">
    <subfield code="a">1138-1019</subfield>
  </datafield>
  <datafield tag="023" ind1="0" ind2=" ">
    <subfield code="a">1138-1019</subfield>
  </datafield>
  <datafield tag="035" ind1=" " ind2=" ">
    <subfield code="a">(ES-BaCBU).b12328133</subfield>
  </datafield>
  <datafield tag="035" ind1=" " ind2=" ">
    <subfield code="a">(OCoLC)802904120</subfield>
  </datafield>
  <datafield tag="035" ind1=" " ind2=" ">
    <subfield code="a">991009806699706706</subfield>
  </datafield>
  <datafield tag="040" ind1=" " ind2=" ">
    <subfield code="a">ES-BaCBU</subfield>
    <subfield code="b">cat</subfield>
    <subfield code="c">ES-BaCBU</subfield>
    <subfield code="d">ES-BaBC</subfield>
    <subfield code="e">ES-MaACL</subfield>
  </datafield>
  <datafield tag="080" ind1=" " ind2=" ">
    <subfield code="a">330.862</subfield>
    <subfield code="x">(05)</subfield>
    <subfield code="2">2004</subfield>
  </datafield>
  <datafield tag="080" ind1=" " ind2=" ">
    <subfield code="a">331.105.44</subfield>
    <subfield code="x">(05)</subfield>
    <subfield code="2">2004</subfield>
  </datafield>
  <datafield tag="222" ind1=" " ind2="0">
    <subfield code="a">Rojo y negro</subfield>
  </datafield>
  <datafield tag="245" ind1="0" ind2="0">
    <subfield code="a">Rojo y negro :</subfield>
    <subfield code="b">anarcosindicalismo en acci&#xF3;n</subfield>
  </datafield>
  <datafield tag="246" ind1="3" ind2=" ">
    <subfield code="a">Rojo i negro</subfield>
  </datafield>
  <datafield tag="260" ind1=" " ind2=" ">
    <subfield code="a">Madrid :</subfield>
    <subfield code="b">Confederaci&#xF3;n General del Trabajo,</subfield>
    <subfield code="c">[1987]-</subfield>
  </datafield>
  <datafield tag="300" ind1=" " ind2=" ">
    <subfield code="a">v. ;</subfield>
    <subfield code="c">65 cm</subfield>
  </datafield>
  <datafield tag="310" ind1=" " ind2=" ">
    <subfield code="a">Mensual</subfield>
  </datafield>
  <datafield tag="336" ind1=" " ind2=" ">
    <subfield code="2">rdacontent</subfield>
    <subfield code="a">texto</subfield>
  </datafield>
  <datafield tag="337" ind1=" " ind2=" ">
    <subfield code="2">rdamedia</subfield>
    <subfield code="a">sin mediaci&#xF3;n</subfield>
  </datafield>
  <datafield tag="338" ind1=" " ind2=" ">
    <subfield code="2">rdacarrier</subfield>
    <subfield code="a">volumen</subfield>
  </datafield>
  <datafield tag="362" ind1="1" ind2=" ">
    <subfield code="a">Comen&#xE7;a: no. 1 (dic. 1987) ; comen&#xE7;a 3a &#xE8;poca: (1988) ; comen&#xE7;a 4a &#xE8;poca: no. 27 (1991) i acaba: no. 196 (2006); comen&#xE7;a 5a &#xE8;poca: no. 197 (2006)</subfield>
  </datafield>
  <datafield tag="515" ind1=" " ind2=" ">
    <subfield code="a">La numeraci&#xF3; segueix diferents &#xE8;poques</subfield>
  </datafield>
  <datafield tag="580" ind1=" " ind2=" ">
    <subfield code="a">Publica suplementos</subfield>
  </datafield>
  <datafield tag="588" ind1=" " ind2=" ">
    <subfield code="a">Descripci&#xF3;n basada en: n. 280 (junio 2014)</subfield>
  </datafield>
  <datafield tag="594" ind1=" " ind2=" ">
    <subfield code="a">Cambio en el subt&#xED;tulo: 3a &#xE9;poca: &#xF3;rgano de expresi&#xF3;n anarcosindicalista ; 4a &#xE8;poca: publicaci&#xF3;n mensual anarcosindicalista</subfield>
  </datafield>
  <datafield tag="650" ind1=" " ind2="4">
    <subfield code="a">Sindicatos</subfield>
    <subfield code="2">thub</subfield>
    <subfield code="9">17116</subfield>
  </datafield>
  <datafield tag="650" ind1=" " ind2="4">
    <subfield code="a">Anarcosindicalismo</subfield>
    <subfield code="2">thub</subfield>
    <subfield code="9">9778</subfield>
  </datafield>
  <datafield tag="655" ind1=" " ind2="7">
    <subfield code="a">Revistas</subfield>
    <subfield code="2">tgfbne</subfield>
    <subfield code="9">226866</subfield>
  </datafield>
  <datafield tag="710" ind1="2" ind2=" ">
    <subfield code="a">Confederaci&#xF3;n General del Trabajo (Espa&#xF1;a)</subfield>
    <subfield code="9">3161</subfield>
  </datafield>
  <datafield tag="710" ind1="2" ind2=" ">
    <subfield code="a">Confederaci&#xF3;n Nacional del Trabajo (Espa&#xF1;a)</subfield>
    <subfield code="9">3165</subfield>
  </datafield>
  <datafield tag="852" ind1=" " ind2=" ">
    <subfield code="a">ES-MaACL</subfield>
    <subfield code="c">HEM</subfield>
    <subfield code="j">HEM-1799 (C&#xBA; 45)</subfield>
    <subfield code="h">Donaci&#xF3;n: Editorial</subfield>
    <subfield code="z">Revista viva</subfield>
    <subfield code="z">Casillero actual: C&#xBA; 45</subfield>
    <subfield code="9">204319</subfield>
  </datafield>
  <datafield tag="856" ind1="4" ind2=" ">
    <subfield code="u">https://cgt.es/info/publicaciones/rojo-y-negro/</subfield>
    <subfield code="y">(Acceso electr&#xF3;nico)</subfield>
  </datafield>
  <datafield tag="866" ind1=" " ind2=" ">
    <subfield code="o">(2023) 2024-2025-2026-</subfield>
  </datafield>
  <datafield tag="942" ind1=" " ind2=" ">
    <subfield code="2">udc</subfield>
    <subfield code="n">0</subfield>
    <subfield code="c">PERIODICA</subfield>
  </datafield>
  <datafield tag="955" ind1=" " ind2=" ">
    <subfield code="b">Ver&#xF3;nica Torres D&#xED;az</subfield>
  </datafield>
  <datafield tag="999" ind1=" " ind2=" ">
    <subfield code="c">196603</subfield>
    <subfield code="d">196603</subfield>
  </datafield>
  <datafield tag="952" ind1=" " ind2=" ">
    <subfield code="0">0</subfield>
    <subfield code="1">0</subfield>
    <subfield code="2">udc</subfield>
    <subfield code="3">&#xDA;ltimo n&#xFA;mero recibido: N. 411 (2026)</subfield>
    <subfield code="4">0</subfield>
    <subfield code="7">0</subfield>
    <subfield code="8">Hemeroteca</subfield>
    <subfield code="9">204319</subfield>
    <subfield code="a">ATENEOM</subfield>
    <subfield code="b">ATENEOM</subfield>
    <subfield code="c">HEM</subfield>
    <subfield code="d">2024-10-08</subfield>
    <subfield code="e">DONACION</subfield>
    <subfield code="l">0</subfield>
    <subfield code="o">HEM-1799 (C&#xBA; 45)</subfield>
    <subfield code="p">101229142</subfield>
    <subfield code="r">2024-10-08 00:00:00</subfield>
    <subfield code="w">2024-10-08</subfield>
    <subfield code="y">PERIODICA</subfield>
  </datafield>
</record>
